[Event "Calvi Balagne op 05th"]
[Site "Calvi"]
[Date "2008.04.06"]
[Round "1"]
[White "Orsini, Julien"]
[Black "Battesti, Leo"]
[Result "1/2-1/2"]
[WhiteElo "1340"]
[BlackElo "1785"]
[PlyCount "99"]
[EventDate "2008.04.06"]
[EventType "swiss"]
[EventRounds "9"]
[EventCountry "FRA"]
[SourceTitle "CBM 123 Extra"]
[Source "ChessBase"]
[SourceDate "2008.05.06"]
[SourceVersion "1"]
[SourceVersionDate "2008.05.06"]
[SourceQuality "1"]

1. e4 c5 2. Bc4 Nc6 3. Nf3 d6 4. d4 cxd4 5. Nxd4 Nf6 6. Nc3 g6 7. Nxc6 bxc6 8. e5 d5 9. exf6 dxc4 10. Qxd8+ Kxd8 11. Bg5 h6 12. fxe7+ Bxe7 13. 0-0-0+ Bd7 14. Bxe7+ Kxe7 15. Rhe1+ Be6 16. Ne4 Rhd8 17. Nc5 Rd5 18. Nxe6 fxe6 19. Re4 Rad8 20. Rxd5 cxd5 21. Re3 a5 22. b3 Rc8 23. Rh3 cxb3 24. axb3 h5 25. Rg3 Kf6 26. h3 e5 27. Rd3 d4 28. Kd2 a4 29. bxa4 Rc4 30. a5 Ra4 31. c3 dxc3+ 32. Kxc3 Rxa5 33. Rd6+ Kf5 34. g4+ hxg4 35. hxg4+ Kg5 36. Kd3 Ra4 37. f3 Kf4 38. Rxg6 Kxf3 39. g5 e4+ 40. Kc2 e3 41. Rf6+ Ke2 42. g6 Rg4 43. Re6 Rg3 44. Rf6 Ke1 45. Kc1 e2 46. Rc6 Rg1 47. Rf6 Rg2 48. Kc2 Rf2 49. Rxf2 Kxf2 50. g7 1/2-1/2